Русская зима (Запись № 13517117)
[ простой вид ]
| 000 -МАРКЕР | |
|---|---|
| контрольное поле | 02864nkm0a2200481 4500 |
| 001 - ИДЕНТИФИКАТОР ЗАПИСИ | |
| контрольное поле | RU\NLR\BIBL_A\022195395 |
| 005 - ИДЕНТИФИКАТОР ВЕРСИИ | |
| контрольное поле | 20260407100606.0 |
| 035 ## - ДРУГИЕ СИСТЕМНЫЕ НОМЕРА | |
| Идентификатор записи | (NLR Aleph) 022195395 |
| 100 ## - ДАННЫЕ ОБЩЕЙ ОБРАБОТКИ | |
| Данные общей обработки | 20240411d1980 u y0rusy50 ca |
| 101 0# - ЯЗЫК РЕСУРСА | |
| Язык текста, звукозаписи и т.д. | русский |
| 102 ## - СТРАНА ПУБЛИКАЦИИ ИЛИ ПРОИЗВОДСТВА | |
| Страна публикации | российская федерация |
| 116 ## - ПОЛЕ КОДИРОВАННЫХ ДАННЫХ: ИЗОБРАЗИТЕЛЬНЫЕ МАТЕРИАЛЫ | |
| Кодированные данные для изобразительных материалов. | iiycxx zz ad |
| 135 ## - ПОЛЕ КОДИРОВАННЫХ ДАННЫХ: ЭЛЕКТРОННЫЕ РЕСУРСЫ | |
| Кодированные данные для электронного ресурса | crcn 024anaba |
| 181 #0 - ПОЛЕ КОДИРОВАННЫХ ДАННЫХ: ВИД СОДЕРЖАНИЯ | |
| Код вида содержания (ISBD) | b4 |
| Код характеристики содержания (ISBD) | xb2e |
| 182 #0 - ПОЛЕ КОДИРОВАННЫХ ДАННЫХ: ТИП СРЕДСТВА | |
| Код типа средства (ISBD) | n - непосредственное |
| 200 1# - ЗАГЛАВИЕ И СВЕДЕНИЯ ОБ ОТВЕТСТВЕННОСТИ | |
| Основное заглавие | Русская зима |
| Сведения, относящиеся к заглавию | ВДНХ СССР |
| -- | [плакат] |
| Первые сведения об ответственности | художник А. Шилов |
| Последующие сведения об ответственности | редактор И. Чекалова |
| -- | художественный редактор Б. Чуткерашвили |
| 203 ## - ВИД СОДЕРЖАНИЯ И ТИП СРЕДСТВА | |
| Вид содержания | Изображение |
| Дополнительные сведения об издании | неподвижное |
| -- | двухмерное |
| -- | визуальное |
| Тип средства | непосредственное |
| 210 ## - ПУБЛИКАЦИЯ, РАСПРОСТРАНЕНИЕ И ДР. | |
| Место издания, распространения и т.д. | Москва |
| Имя издателя, распространителя и т. д. | Редакционно-издательский отдел ВДНХ СССР |
| Дата издания, распространения и т.д. | 1980 |
| Место изготовления | Москва |
| Имя изготовителя | Типография ВДНХ СССР |
| 215 ## - ФИЗИЧЕСКАЯ ХАРАКТЕРИСТИКА | |
| Специфическое обозначение материала и объем | на 2 л. |
| Другие сведения о физической характеристике | фотомех. печ. |
| Размеры | 89,4х58 (л. [1]) 89,4х58,5 (л. [2]) |
| 300 ## - ОБЩИЕ ПРИМЕЧАНИЯ | |
| Текст примечания | В вып. данных: Подписано в печать 10.12.80 г. Т-19858 Зак. 3264 |
| 325 ## - ПРИМЕЧАНИЕ О КОПИИ | |
| Текст примечания | Копия доступна в Электрон. б-ке РНБ |
| 600 #0 - ИМЯ ЛИЦА КАК ПРЕДМЕТ | |
| Начальный элемент ввода | Дед Мороз |
| Формальный подзаголовок | Плакаты |
| Системный номер авторитетной/нормативной записи | 2608714 |
| Идентификатор авторитетной/нормативной записи | RU\NLR\AUTH\661545272 |
| 601 02 - НАИМЕНОВАНИЕ ОРГАНИЗАЦИИ КАК ПРЕДМЕТ | |
| Начальный элемент ввода | Выставка достижений народного хозяйства СССР |
| Формальный подзаголовок | Плакаты |
| Системный номер авторитетной/нормативной записи | 1315544 |
| Идентификатор авторитетной/нормативной записи | RU\NLR\AUTH\66229816 |
| 606 1# - НАИМЕНОВАНИЕ ТЕМЫ КАК ПРЕДМЕТ | |
| Наименование темы | Рекламный плакат русский советский |
| Системный номер авторитетной/нормативной записи | 2310015 |
| Идентификатор авторитетной/нормативной записи | RU\NLR\AUTH\661382555 |
| 606 1# - НАИМЕНОВАНИЕ ТЕМЫ КАК ПРЕДМЕТ | |
| Наименование темы | Петухи |
| Формальный подзаголовок | Плакаты |
| Системный номер авторитетной/нормативной записи | 1563101 |
| Идентификатор авторитетной/нормативной записи | RU\NLR\AUTH\66984144 |
| 610 0# - НЕКОНТРОЛИРУЕМЫЕ ПРЕДМЕТНЫЕ ТЕРМИНЫ | |
| Предметный термин | Матрешка |
| 686 ## - ИНДЕКСЫ ДРУГИХ КЛАССИФИКАЦИЙ | |
| Индекс | Щ153(2Р=Рус)7-466 |
| 700 #1 - ИМЯ ЛИЦА - ПЕРВИЧНАЯ ОТВЕТСТВЕННОСТЬ | |
| Код отношения | Карикатурист, Художник |
| Графика поля | Кириллица |
| Материалы, к которым относится поле | rus |
| Начальный элемент ввода | Шилов |
| Часть имени, кроме начального элемента ввода | А. И. |
| Дополнения к именам, кроме дат | художник, плакатист |
| Даты | 1946- |
| Расширение инициалов личного имени | Анатолий Иванович |
| Системный номер авторитетной/нормативной записи | 266219 |
| Идентификатор авторитетной/нормативной записи | RU\NLR\AUTH\770266275 |
| 712 02 - НАИМЕНОВАНИЕ ОРГАНИЗАЦИИ - ВТОРИЧНАЯ ОТВЕТСТВЕННОСТЬ | |
| Код отношения | Прочие |
| Начальный элемент ввода | Выставка достижений народного хозяйства СССР |
| Идентифицирующий признак | Москва |
| Идентификатор авторитетной/нормативной записи | RU\NLR\AUTH\889927061 |
| Системный номер авторитетной/нормативной записи | 349787 |
| 712 02 - НАИМЕНОВАНИЕ ОРГАНИЗАЦИИ - ВТОРИЧНАЯ ОТВЕТСТВЕННОСТЬ | |
| Код отношения | Издатель |
| Начальный элемент ввода | Выставка достижений народного хозяйства СССР |
| Структурное подразделение | Редакционно-издательский отдел |
| Идентифицирующий признак | Москва |
| Системный номер авторитетной/нормативной записи | 878556 |
| Идентификатор авторитетной/нормативной записи | RU\NLR\AUTH\880606705 |
| 712 02 - НАИМЕНОВАНИЕ ОРГАНИЗАЦИИ - ВТОРИЧНАЯ ОТВЕТСТВЕННОСТЬ | |
| Код отношения | Печатник (типограф) |
| Начальный элемент ввода | Выставка достижений народного хозяйства СССР |
| Структурное подразделение | Типография |
| Идентифицирующий признак | Москва |
| Системный номер авторитетной/нормативной записи | 878545 |
| Идентификатор авторитетной/нормативной записи | RU\NLR\AUTH\880606694 |
| 852 00 - МЕСТОНАХОЖДЕНИЕ И ШИФР ХРАНЕНИЯ | |
| Идентификатор организации | NLR |
| Наименование фонда или коллекции (Sub-Location Identifier) | Э |
| 856 #0 - МЕСТОНАХОЖДЕНИЕ ЭЛЕКТРОННЫХ РЕСУРОВ И ДОСТУП К НИМ | |
| Универсальный идентификатор ресурса (Uniform Resource Identifier) | https://vivaldi.nlr.ru/la700001045/view |
| 856 #1 - МЕСТОНАХОЖДЕНИЕ ЭЛЕКТРОННЫХ РЕСУРОВ И ДОСТУП К НИМ | |
| Универсальный идентификатор ресурса (Uniform Resource Identifier) | https://vivaldi.nlr.ru/la700001045/cover |
| 856 #2 - МЕСТОНАХОЖДЕНИЕ ЭЛЕКТРОННЫХ РЕСУРОВ И ДОСТУП К НИМ | |
| Универсальный идентификатор ресурса (Uniform Resource Identifier) | https://vivaldi.nlr.ru/la700001045/text |
| 942 ## - ДОПОЛНИТЕЛЬНЫЕ ЭЛЕМЕНТЫ ЗАПИСИ (АБИС) | |
| Тип экземпляра АБИС | Визуальный материал |
| 980 ## - КОЛЛЕКЦИЯ | |
| Название коллекции | Национальная библиография |
| 981 17 - КОЛЛЕКЦИЯ ЭЛЕКТРОННОЙ БИБЛИОТЕКИ | |
| Название коллекции | Изографические материалы |
| Название подколлекции | Плакаты |
Нет доступных экземпляров.